| 000 | 00447nam a2200181Ia 4500 | ||
|---|---|---|---|
| 001 | 5093 | ||
| 005 | 20260306145843.0 | ||
| 008 | 260306t2016||||xx |||||||||||||| ||spa|| | ||
| 041 | _aESP | ||
| 082 |
_a333.7 _bE84 |
||
| 100 |
_aEspañol Echániz, Ignacio _eAUT |
||
| 245 | 0 | _aEvaluación del impacto ambiental. Fundamentos | |
| 260 | _c2016 | ||
| 300 |
_a285 páginas : _c24 cm. |
||
| 650 | _aGEN | ||
| 654 | _aCAN | ||
| 942 |
_cLIB _dJUS _fJUS _2ddc _n |
||
| 999 |
_c5093 _d5093 |
||